000 00536nam a2200181Ia 4500
003 GCL
008 140319s9999 xx 000 0 ara d
040 _aGCL /
_cGCL
082 0 4 _a811.009
_bع ر
100 1 _aعبدالعزيز شرف
245 1 0 _aالرؤيا الابداعية فى شعر حسن عبد الله القرشى /
_cعبدالعزيز شرف
260 _a[S.N] :
_bدار المعارف ،
_c1992
300 _a191 ص
490 _a
650 0 4 _aالشعر العربى
650 0 4 _aنقد
942 _2ddc
_cBK
999 _c47563
_d47563